Hunger Games A-Z - Statistics

General Stats
  • This quiz has been taken 407 times
  • The average score is 19 of 26
Answer Stats
Hint Answer % Correct
B Peeta's Occupation Baker
97%
A Haymitch's Last Name Abernathy
96%
G The worst character in the series (in my opinion); last name Hawthorne Gale (🤮)
93%
K Main character Katniss Everdeen
91%
P Name of the country Panem
89%
N Poison berries Nightlock
84%
T Tiger woman who helped the main characters in Mockingjay Tigris
84%
C Snow's First Name Coriolanus
83%
Q Name of the special Hunger Games held every 25 years Quarter Quell
82%
Y lol a can't find anything just type whatever you want yknf;kn
82%
I The part of the Hunger Games that Caesar Flickerman hosts Interviews
81%
X lol a can't find anything just type whatever you want xnjbhvgtyf
81%
Z lol a can't find anything just type whatever you want zjes;dhfjnd
81%
F The poison ___ in the 1-2 o'clock sector Fog
77%
J Bird species made by the Capitol Jabberjays
76%
L The name of Prim's goat Lady
75%
S The part of District 12 Katniss lives in Seam
72%
V The tour that Katniss and Peeta go on after they win the Hunger Games Victory Tour
71%
E Tribute from District 2 Enobaria
69%
O One of the members of Katniss's prep team Octavia
67%
M District 12 tribute in the 50th Hunger Games Maysilee Donner
63%
U The first ________ happened in District 8 Uprising
59%
H Gale's mom's name Hazelle
52%
D Peeta's childhood friend who helped him recover in Mockingjay; not in movie Delly Cartwright
44%
R First name of Head Peacekeeper Thread Romulus
40%
W District 8 tribute in the 75th Hunger Games Woof
33%
No matching quizzes found
Score Distribution
Percent of People with Each Score
Percentile by Number Answered
Your Score History
You have not taken this quiz